000 01009nam0a2200265 4500
001 RU\NLR\BIBL_A\010467417
005 20260406082536.0
010 _a5-8493-0011-2
_950000
035 _a(NLR Aleph) 010467417
090 _a10008274
_c10008274
100 _a20140926d1995 |||y0rusy50 ca
101 0 _arus
102 _aRU
105 _ay|||z|||000yy
200 1 _aЯ лечусь прополисом
_fА.Ф. Синяков
210 _aКоломна
_c[б. и.]
_d1995
215 _a30, [2] с.
_d20
300 _aНа обороте тит. л. авт.: А.Ф. Синяков, апифитотерапевт, проф.
606 1 _aПрополис
_xЛечебное применение
_91771657
_3RU\NLR\AUTH\66795614
686 1 _aР281.770-6
700 1 _8rus
_7ca
_aСиняков
_bА. Ф.
_cд-р мед. наук
_f1942-
_gАлексей Федорович
_3RU\NLR\AUTH\7748063
_930998
942 _cBOOK
980 _aNB